000 00510nam a22002173 4500
999 _c7447
_d7447
001 7447
003 BD - JhCC
005 20180402084916.0
008 970505s1966 xx 000 0 und d
035 _a(BD - JhCC)7447
040 _aEQO
_cEQO
_dBD-JhCC
041 _aeng
082 _bWHY 1966
_a297.6
100 1 _aWhyte, Ruth.
245 1 0 _aTen stories from Islam /
_cRuth Whyte
260 _aKarachi &c.,
_c1966.
300 _a60 p. :
_c15 cm.
650 _aIslam
942 _2ddc
_cBK